• 首页
  • 本馆介绍
  • 公告通知
  • 最新文献
  • 馆藏检索
  • 电子资源
  • 读者导购
  • 参考咨询
  • 我的图书馆
  • 登录
  • 详细信息显示
  • 放入我的书架
  • 预约/预借图书
  • 作者相关作品
  • 分类相关作品
  • 丛书相关作品
  • 出版社相关作品

书目信息

  • 表格格式
  • 工作单格式
  • 卡片格式
题名:
南极地区环境遥感考察
    
 
作者: ;国家海洋局 编
分册:  
出版信息: 北京   海洋出版社  2016.6
页数: 255页
开本: 29cm
丛书名:
单 册:
中图分类: N816.61
科图分类:
主题词:
电子资源:
ISBN: 978-7-5027-9442-2
000 00923nam0 2200241 450
001 0400002292
005 20171020160901.0
010    @a978-7-5027-9442-2@dCNY108.00
100    @a20160923d2016 em y0chiy50 ea
101 0  @achi
102    @aCN@b110000
105    @aa z 000yy
106    @ar
200 1  @a南极地区环境遥感考察@9nan ji di qu huan jing yao gan kao cha@f国家海洋局极地专项办公室编
210    @a北京@c海洋出版社@d2016.6
215    @a255页@c图@d29cm
300    @a“南北极环境综合考察与评估”专项 02-04
330    @a本书共分7章,主要内容包括:总论、南极环境遥感考察的意义和目标、考察主要任务、主要数据获取及处理情况、南极环境遥感考察集成系统设计、考察数据分析与研究结果、考察的主要经验与建议。
607    @a南极@x生态环境@x环境遥感@x科学考察
690    @aN816.61@v5
711 02 @a国家海洋局@9guo jia hai yang ju@b极地专项办公室@4编
801  0 @aCN@b91MARC@c20171020
905    @b1031940-4@dN816.61@f5@e17
    
    南极地区环境遥感考察/国家海洋局极地专项办公室编.-北京:海洋出版社,2016.6
    255页:图;29cm
    “南北极环境综合考察与评估”专项 02-04
    
    ISBN 978-7-5027-9442-2:CNY108.00
    本书共分7章,主要内容包括:总论、南极环境遥感考察的意义和目标、考察主要任务、主要数据获取及处理情况、南极环境遥感考察集成系统设计、考察数据分析与研究结果、考察的主要经验与建议。
●
相关链接 在E读中查询图书 在五车中查询图书 在当当中查询图书 在豆瓣中查询图书


正题名:南极地区环境遥感考察     索取号:N816.61/17         预约/预借

序号 登录号 条形码 馆藏地/架位号 状态 备注
1 1031940   210319403   第二样本阅览室/ [索取号:N816.61/17] 在馆    
2 1031941   210319412   密集书库-物理学院/ [索取号:N816.61/17] 在馆    
3 1031942   210319421   第三借阅区/ [索取号:N816.61/17] 在馆    
4 1031943   210319430   第三借阅区/ [索取号:N816.61/17] 在馆    
5 1031944   210319449   第三借阅区/ [索取号:N816.61/17] 在馆    
唐山师范学院图书馆 欢迎您!
大连网信软件有限公司© 版权所有